[Event "NED-chT 1920"]
[Site "Netherlands"]
[Date "2020.03.07"]
[Round "6.6"]
[White "Brenninkmeijer, Joris"]
[Black "Beerdsen, Thomas"]
[Result "1-0"]
[WhiteElo "2498"]
[BlackElo "2482"]
[PlyCount "67"]
[EventDate "2019.09.28"]
[EventType "team-tourn"]
[EventRounds "9"]
[EventCountry "NED"]
[SourceTitle "CBM 195 Extra"]
[Source "ChessBase"]
[SourceDate "2020.05.31"]
[SourceVersion "1"]
[SourceVersionDate "2020.05.31"]
[SourceQuality "1"]
[WhiteTeam "Groningen Combinatie"]
[BlackTeam "Apeldoorn MuConsult"]
[WhiteTeamCountry "NED"]
[BlackTeamCountry "NED"]

1. d4 Nf6 2. c4 e6 3. Nf3 b6 4. g3 Bb7 5. Bg2 Be7 6. Nc3 Ne4 7. Bd2 0-0 8. d5 Nd6 9. b3 Bf6 10. Rc1 Na6 11. 0-0 Re8 12. Be1 c6 13. Nd4 Rc8 14. e4 exd5 15. exd5 Nc5 16. b4 Nce4 17. Nxe4 Nxe4 18. Nf5 cxd5 19. f3 Ng5 20. Nd6 Rc7 21. Nxe8 Qxe8 22. cxd5 Rxc1 23. Qxc1 Bxd5 24. Bc3 Be7 25. Re1 Qf8 26. Qd2 Bc6 27. f4 Ne6 28. f5 Nc7 29. a3 a5 30. Be5 Nb5 31. Bxc6 dxc6 32. Qd7 axb4 33. a4 Na3 34. Bb2 1-0

[Event "NED-chT 0607"]
[Site "Netherlands"]
[Date "2006.09.23"]
[Round "1.8"]
[White "Brenninkmeijer, Joris"]
[Black "Ris, Robert"]
[Result "1/2-1/2"]
[WhiteElo "2503"]
[BlackElo "2364"]
[PlyCount "93"]
[EventDate "2006.09.23"]
[EventType "team-tourn"]
[EventRounds "9"]
[EventCountry "NED"]
[SourceTitle "CBM 115 Extra"]
[Source "ChessBase"]
[SourceDate "2007.01.10"]
[SourceVersion "1"]
[SourceVersionDate "2007.01.10"]
[SourceQuality "1"]
[WhiteTeam "Groningen Share"]
[BlackTeam "Utrecht"]
[WhiteTeamCountry "NED"]
[BlackTeamCountry "NED"]

1. d4 d5 2. c4 e6 3. Nc3 Nf6 4. e3 c6 5. Nf3 Nbd7 6. Qc2 Bd6 7. Be2 0-0 8. 0-0 dxc4 9. Bxc4 a6 10. a4 c5 11. Rd1 Qc7 12. Ne4 Be7 13. Bd3 h6 14. Nxf6+ Nxf6 15. b4 c4 16. Bd2 c3 17. Bxc3 Nd5 18. Bb2 Qxc2 19. Bxc2 Nxb4 20. Bb3 b6 21. Ne5 Rd8 22. Rac1 Bb7 23. Rc7 Bd5 24. Bxd5 Nxd5 25. Rb7 Rab8 26. Rxb8 Rxb8 27. e4 Nb4 28. f3 b5 29. axb5 axb5 30. Rb1 Bd6 31. Nd7 Rd8 32. Ba3 Rxd7 33. Bxb4 Bxb4 34. Rxb4 Rb7 35. Kf2 Kf8 36. Ke3 Ke7 37. Kd3 Kd6 38. Rb1 g6 39. Ra1 h5 40. h4 Kc6 41. g4 Kb6 42. gxh5 gxh5 43. Kc3 Rc7+ 44. Kb3 f5 45. Re1 Rc4 46. Rd1 Kc6 47. d5+ 1/2-1/2

[Event "NED-chT 0506"]
[Site "Netherlands"]
[Date "2005.12.17"]
[Round "5.6"]
[White "L'Ami, Erwin"]
[Black "Brenninkmeijer, Joris"]
[Result "1/2-1/2"]
[WhiteElo "2541"]
[BlackElo "2511"]
[PlyCount "81"]
[EventDate "2005.09.24"]
[EventType "team"]
[EventRounds "9"]
[EventCountry "NED"]
[SourceTitle "EXT 2007"]
[Source "ChessBase"]
[SourceDate "2006.11.23"]
[SourceVersion "1"]
[SourceVersionDate "2006.11.23"]
[SourceQuality "1"]
[WhiteTeam "Hilversum HSG"]
[BlackTeam "Groningen Hotels"]
[WhiteTeamCountry "NED"]
[BlackTeamCountry "NED"]

1. e4 c5 2. Nf3 e6 3. d4 cxd4 4. Nxd4 a6 5. Bd3 Bc5 6. Nb3 Be7 7. 0-0 d6 8. c4 Nf6 9. Nc3 Nbd7 10. f4 b6 11. Qe2 Qc7 12. Bd2 Bb7 13. Rae1 Rd8 14. Bc2 h5 15. Nd4 h4 16. Nd5 exd5 17. exd5 0-0 18. Nf5 Rfe8 19. Nxe7+ Kf8 20. Bc3 Qc5+ 21. Kh1 b5 22. Rf3 Qxc4 23. Bd3 Qxd5 24. Nxd5 Rxe2 25. Rxe2 Nxd5 26. Bd2 Nc5 27. Rh3 Nxd3 28. Rxd3 Rc8 29. Rh3 Rc2 30. Rxh4 f6 31. Kg1 Kf7 32. Kf2 Rxb2 33. a3 Nb6 34. g4 Nc4 35. Bb4 Rb3 36. f5 a5 37. Rh8 Rf3+ 38. Kg1 Ne3 39. Rxe3 Rxe3 40. Bxd6 Re8 41. Rxe8 1/2-1/2

[Event "Bundesliga 0304"]
[Site "Germany"]
[Date "2003.11.23"]
[Round "4.7"]
[White "Brenninkmeijer, Joris"]
[Black "Straeter, Timo"]
[Result "1-0"]
[WhiteElo "2507"]
[BlackElo "2335"]
[PlyCount "65"]
[EventDate "2003.11.01"]
[EventType "team-tourn"]
[EventRounds "15"]
[EventCountry "GER"]
[SourceTitle "CBM 097 Extra"]
[Source "ChessBase"]
[SourceDate "2004.01.13"]
[SourceVersion "1"]
[SourceVersionDate "2004.01.13"]
[SourceQuality "1"]
[WhiteTeam "Bremer SG"]
[BlackTeam "Wattenscheid"]
[WhiteTeamCountry "GER"]
[BlackTeamCountry "GER"]

1. d4 Nf6 2. c4 e6 3. Nf3 d5 4. Nc3 Nbd7 5. Bf4 dxc4 6. e3 a6 7. Bxc4 b5 8. Bb3 Bb7 9. 0-0 c5 10. d5 c4 11. dxe6 fxe6 12. Bc2 Qb6 13. e4 Bc5 14. e5 Nd5 15. Nxd5 Bxd5 16. Ng5 0-0-0 17. Qe2 Rdf8 18. Bg3 h5 19. h4 Be7 20. Ne4 Kb8 21. Rad1 Nc5 22. Nxc5 Bxc5 23. Be4 Bxe4 24. Qxe4 Qb7 25. Qxb7+ Kxb7 26. Rd7+ Kc6 27. Rxg7 Bd4 28. Rg6 Bxb2 29. Rxe6+ Kc5 30. f4 c3 31. Rd6 Kc4 32. f5 Rhg8 33. Rf4+ 1-0

[Event "Staunton CC King´s Gambit theme"]
[Site "Groningen"]
[Date "2002.09.07"]
[Round "3"]
[White "Ernst, Sipke"]
[Black "Brenninkmeijer, Joris"]
[Result "1-0"]
[WhiteElo "2473"]
[BlackElo "2529"]
[PlyCount "55"]
[EventDate "2002.09.??"]
[EventType "tourn"]
[EventRounds "6"]
[EventCountry "NED"]
[EventCategory "8"]
[SourceTitle "CBM 090 Extra"]
[Source "ChessBase"]
[SourceDate "2002.11.07"]
[SourceVersion "1"]
[SourceVersionDate "2002.11.07"]
[SourceQuality "1"]

1. e4 e5 2. f4 exf4 3. Nf3 g5 4. Bc4 Nc6 5. 0-0 Bg7 6. d4 d6 7. c3 h6 8. Qa4 Kf8 9. Na3 Nge7 10. Bd2 Ng6 11. Kh1 Bf6 12. Ng1 Kg7 13. g3 fxg3 14. hxg3 Rf8 15. Rf2 Nce7 16. Raf1 Ng8 17. Nc2 c6 18. Bd3 b5 19. Qa3 c5 20. Bxb5 Bb7 21. d5 Be5 22. Ne3 N6e7 23. c4 Nf6 24. Qd3 Nh5 25. Ne2 Bc8 26. Kg2 Ng6 27. Nf5+ Bxf5 28. exf5 1-0

[Event "BL2-Nord 0102"]
[Site "Germany"]
[Date "2001.11.11"]
[Round "2.3"]
[White "Brenninkmeijer, Joris"]
[Black "Martschausky, Thomas"]
[Result "1-0"]
[WhiteElo "2499"]
[BlackElo "2205"]
[PlyCount "57"]
[EventDate "2001.10.07"]
[EventType "team-tourn"]
[EventRounds "9"]
[EventCountry "GER"]
[SourceTitle "CBM 088 Extra"]
[Source "ChessBase"]
[SourceDate "2002.07.01"]
[SourceVersion "2"]
[SourceVersionDate "2002.07.01"]
[SourceQuality "1"]
[WhiteTeam "Bremer SG"]
[BlackTeam "Oldenburg Union"]
[WhiteTeamCountry "GER"]
[BlackTeamCountry "GER"]

1. d4 d6 2. c4 e5 3. Nf3 Nc6 4. Nc3 exd4 5. Nxd4 Nf6 6. g3 Bd7 7. Bg2 Be7 8. 0-0 0-0 9. Nc2 Qc8 10. e4 Bh3 11. Ne3 Bxg2 12. Kxg2 Re8 13. b3 Bf8 14. f3 g6 15. Bb2 Bg7 16. Qd2 Qd7 17. Rad1 Rad8 18. Nb5 Ne5 19. Qa5 Bh6 20. f4 b6 21. Qe1 Neg4 22. Nxg4 Nxg4 23. Qc3 f6 24. h3 Rxe4 25. hxg4 Bg7 26. Qf3 Rde8 27. Rf2 Re3 28. Qd5+ Kf8 29. f5 1-0

[Event "Staunton CC Albin Theme Invitational"]
[Site "Groningen"]
[Date "2001.09.07"]
[Round "1"]
[White "Tiviakov, Sergei"]
[Black "Brenninkmeijer, Joris"]
[Result "1-0"]
[WhiteElo "2618"]
[BlackElo "2499"]
[PlyCount "67"]
[EventDate "2001.09.07"]
[EventType "tourn"]
[EventRounds "3"]
[EventCountry "NED"]
[SourceTitle "CBM 085"]
[Source "ChessBase"]
[SourceDate "2001.11.13"]
[SourceVersion "1"]
[SourceVersionDate "2001.11.13"]
[SourceQuality "1"]

1. d4 d5 2. c4 e5 3. dxe5 d4 4. Nf3 Nc6 5. g3 Be6 6. Nbd2 Qd7 7. Bg2 Be7 8. Qa4 h5 9. Nb3 Rd8 10. 0-0 h4 11. Bf4 hxg3 12. fxg3 Bh3 13. Bxh3 Rxh3 14. Rad1 Nh6 15. Nbxd4 Nxd4 16. Qxd7+ Rxd7 17. Nxd4 Ng4 18. Nf3 g5 19. Rxd7 Kxd7 20. Rd1+ Ke8 21. Bxg5 Bxg5 22. Nxg5 Rh6 23. Nf3 Ra6 24. a3 Ra4 25. Rc1 Ne3 26. Nd2 Ng4 27. e6 fxe6 28. Rc3 Ke7 29. h3 Ne5 30. Kf2 b6 31. Nf3 Nxc4 32. b3 Nd6 33. Rxc7+ Kd8 34. Rc6 1-0

[Event "BL2-Nord 0001"]
[Site "Germany"]
[Date "2001.04.01"]
[Round "8.3"]
[White "Pedersen, Steffen"]
[Black "Brenninkmeijer, Joris"]
[Result "1/2-1/2"]
[WhiteElo "2464"]
[BlackElo "2503"]
[PlyCount "82"]
[EventDate "2000.10.15"]
[EventType "team-tourn"]
[EventRounds "9"]
[EventCountry "GER"]
[SourceTitle "CBM 082 Extra"]
[Source "ChessBase"]
[SourceDate "2001.07.03"]
[SourceVersion "1"]
[SourceVersionDate "2001.07.03"]
[SourceQuality "1"]
[WhiteTeam "Preetz"]
[BlackTeam "Bremer SG"]
[WhiteTeamCountry "GER"]
[BlackTeamCountry "GER"]

1. d4 Nf6 2. c4 e6 3. Nf3 b6 4. g3 Ba6 5. b3 Bb4+ 6. Bd2 Be7 7. Bg2 c6 8. 0-0 d5 9. Ne5 Nfd7 10. Nxd7 Nxd7 11. Bc3 Rc8 12. Nd2 0-0 13. e4 dxe4 14. Nxe4 b5 15. Qe2 bxc4 16. Rfd1 Qc7 17. Rac1 Ba3 18. Rb1 Rfd8 19. b4 Bb5 20. d5 cxd5 21. Qg4 g6 22. Qg5 dxe4 23. Qxb5 a5 24. bxa5 Rb8 25. Qa4 Rxb1 26. Rxb1 Bd6 27. Bxe4 Nc5 28. Qc6 Qxc6 29. Bxc6 Rc8 30. Bb7 Rb8 31. a6 Nxa6 32. Rd1 Bb4 33. Be5 Rxb7 34. Rd8+ Bf8 35. Bd6 Kg7 36. Bxf8+ Kf6 37. Rd6 Nc7 38. Rc6 Nd5 39. Rxc4 Rb1+ 40. Kg2 Rb2 41. Ra4 h5 1/2-1/2

[Event "NED-chT 9900 playoff"]
[Site "Breda"]
[Date "2000.06.02"]
[Round "2.10"]
[White "Brenninkmeijer, Joris"]
[Black "Van der Wiel, John"]
[Result "1/2-1/2"]
[WhiteElo "2499"]
[BlackElo "2558"]
[PlyCount "82"]
[EventDate "2000.06.01"]
[EventType "team-k.o."]
[EventRounds "2"]
[EventCountry "NED"]
[SourceTitle "CBM 076 Extra"]
[Source "ChessBase"]
[SourceDate "2000.07.11"]
[SourceVersion "1"]
[SourceVersionDate "2000.07.11"]
[SourceQuality "1"]
[WhiteTeam "Hilversum HSG"]
[BlackTeam "Breda Panfox"]
[WhiteTeamCountry "NED"]
[BlackTeamCountry "NED"]

1. d4 Nf6 2. c4 e6 3. Nc3 Bb4 4. Qc2 0-0 5. a3 Bxc3+ 6. Qxc3 d6 7. Bg5 Nbd7 8. e3 b6 9. f3 c5 10. Nh3 h6 11. Bh4 Ba6 12. dxc5 bxc5 13. Bg3 d5 14. Rd1 Qb6 15. Rd2 Rfd8 16. b3 d4 17. exd4 cxd4 18. Qb4 e5 19. Qxb6 axb6 20. Nf2 Bb7 21. Rb2 Re8 22. Bd3 e4 23. fxe4 Bxe4 24. 0-0 Nc5 25. Nxe4 Nfxe4 26. Bxe4 Rxe4 27. b4 Na4 28. Rbf2 f6 29. Bd6 Nc3 30. Ra1 Re6 31. c5 Nb5 32. a4 Nxd6 33. cxd6 Rxd6 34. a5 d3 35. Rd2 bxa5 36. bxa5 Raa6 37. Ra3 h5 38. h4 Kf7 39. Kf2 Rd4 40. g3 Rd5 41. Rdxd3 Rdxa5 1/2-1/2

[Event "Bundesliga 9900"]
[Site "Germany"]
[Date "2000.04.09"]
[Round "15.5"]
[White "Brenninkmeijer, Joris"]
[Black "Pezerovic, Edin"]
[Result "1-0"]
[WhiteElo "2499"]
[BlackElo "2447"]
[PlyCount "107"]
[EventDate "1999.10.09"]
[EventType "team-tourn"]
[EventRounds "15"]
[EventCountry "GER"]
[SourceTitle "CBM 076"]
[Source "ChessBase"]
[SourceDate "2000.05.31"]
[SourceVersion "1"]
[SourceVersionDate "2000.05.31"]
[SourceQuality "1"]
[WhiteTeam "Delmenhorst"]
[BlackTeam "Tegernsee"]
[WhiteTeamCountry "GER"]
[BlackTeamCountry "GER"]

1. d4 Nf6 2. c4 e6 3. Nf3 d5 4. Nc3 c6 5. e3 Bd6 6. Bd3 Nbd7 7. e4 dxe4 8. Nxe4 Nxe4 9. Bxe4 e5 10. 0-0 exd4 11. Qxd4 Qf6 12. Bg5 Qxd4 13. Nxd4 Be5 14. Rad1 f6 15. Be3 Bxd4 16. Bxd4 Kf7 17. f4 Nb6 18. b3 f5 19. Bf3 Be6 20. Bh5+ g6 21. Bxh8 Rxh8 22. Bf3 Re8 23. Rfe1 Na8 24. Re5 Nc7 25. Kf2 Kf6 26. Rd4 a6 27. g3 h5 28. Be2 Ke7 29. a4 Rd8 30. Rxd8 Kxd8 31. h3 Kd7 32. g4 hxg4 33. hxg4 Ne8 34. gxf5 gxf5 35. Bd3 Ng7 36. Re1 c5 37. Rh1 Ke7 38. Rh8 Bd7 39. Rh7 Kf6 40. Rh6+ Ke7 41. Rg6 Ne8 42. a5 Nd6 43. Ke3 Be8 44. Rh6 Kd7 45. Rh7+ Ke6 46. Be2 Bc6 47. Bf3 Bxf3 48. Kxf3 Nf7 49. Kg3 Nd8 50. Kh4 Nc6 51. Rxb7 Nxa5 52. Rb6+ Kd7 53. Kg5 Kc7 54. Rxa6 1-0

[Event "NED-chT 9900"]
[Site "Netherlands"]
[Date "2000.02.27"]
[Round "4"]
[White "Bosch, Jeroen"]
[Black "Brenninkmeijer, Joris"]
[Result "1/2-1/2"]
[WhiteElo "2415"]
[BlackElo "2499"]
[PlyCount "55"]
[EventDate "2000.02.05"]
[EventType "team-tourn"]
[EventRounds "9"]
[EventCountry "NED"]
[SourceTitle "CBM 074 Extra"]
[Source "ChessBase"]
[SourceDate "2000.03.10"]
[SourceVersion "2"]
[SourceVersionDate "2000.03.10"]
[SourceQuality "1"]
[WhiteTeam "Bussum"]
[BlackTeam "Hilversum HSG"]
[WhiteTeamCountry "NED"]
[BlackTeamCountry "NED"]

1. e4 c5 2. Nf3 e6 3. d4 cxd4 4. Nxd4 a6 5. Bd3 Bc5 6. c3 Nc6 7. Be3 Be7 8. Nd2 Qc7 9. 0-0 d6 10. f4 Nf6 11. Kh1 Bd7 12. Qe2 0-0 13. Rae1 Rae8 14. Qf3 e5 15. Nf5 Bxf5 16. exf5 d5 17. Qh3 e4 18. Be2 d4 19. Bxd4 Nxd4 20. cxd4 Qc2 21. Qc3 Rc8 22. Bc4 Qa4 23. Bb3 Rxc3 24. Bxa4 Rd3 25. Nxe4 Rxd4 26. Nxf6+ Bxf6 27. Bb3 Rfd8 28. Rd1 1/2-1/2

[Event "NED-chT 9900"]
[Site "Netherlands"]
[Date "2000.02.06"]
[Round "2"]
[White "Brenninkmeijer, Joris"]
[Black "Visser, Yge"]
[Result "0-1"]
[WhiteElo "2499"]
[BlackElo "2406"]
[PlyCount "56"]
[EventDate "2000.02.05"]
[EventType "team-tourn"]
[EventRounds "9"]
[EventCountry "NED"]
[SourceTitle "CBM 074 Extra"]
[Source "ChessBase"]
[SourceDate "2000.03.10"]
[SourceVersion "2"]
[SourceVersionDate "2000.03.10"]
[SourceQuality "1"]
[WhiteTeam "Hilversum HSG"]
[BlackTeam "Groningen"]
[WhiteTeamCountry "NED"]
[BlackTeamCountry "NED"]

1. d4 Nf6 2. c4 g6 3. Nc3 Bg7 4. e4 d6 5. Bd3 0-0 6. Nge2 Nbd7 7. 0-0 c5 8. d5 Ne5 9. Bg5 a6 10. a4 Bd7 11. f4 Nxd3 12. Qxd3 b5 13. axb5 axb5 14. Rxa8 Qxa8 15. cxb5 Rb8 16. h3 Ne8 17. e5 f6 18. e6 Bxb5 19. Nxb5 Qa6 20. Nec3 fxg5 21. fxg5 Nc7 22. Rf7 Nxb5 23. Qf1 Qb7 24. Rxg7+ Kxg7 25. Qf7+ Kh8 26. Ne4 Nd4 27. Nf6 exf6 28. e7 Qc8 0-1

[Event "NED-chT f"]
[Site "Breda"]
[Date "1997.??.??"]
[Round "2"]
[White "Brenninkmeijer, Joris"]
[Black "Gurevich, Mikhail"]
[Result "0-1"]
[WhiteElo "2505"]
[BlackElo "2585"]
[PlyCount "144"]
[EventDate "1997.05.31"]
[EventType "team"]
[EventRounds "1"]
[EventCountry "NED"]
[SourceTitle "CBM 058 Extra"]
[Source "ChessBase"]
[SourceDate "1997.07.29"]
[SourceVersion "1"]
[SourceVersionDate "1997.07.29"]
[SourceQuality "1"]
[WhiteTeam "Hilversum HSG"]
[BlackTeam "Panfox"]
[WhiteTeamCountry "NED"]
[BlackTeamCountry "NED"]

1. d4 d5 2. c4 c6 3. Nf3 Nf6 4. Qc2 dxc4 5. Qxc4 Bf5 6. g3 e6 7. Bg2 Nbd7 8. 0-0 Be7 9. Nc3 0-0 10. e3 Ne4 11. Nd2 Nxd2 12. Bxd2 e5 13. e4 exd4 14. exf5 dxc3 15. Bxc3 Bf6 16. Rad1 Qc7 17. b4 Rad8 18. Bxf6 Nxf6 19. Qc5 a6 20. a4 h6 21. h3 Rfe8 22. Rxd8 Qxd8 23. b5 Qa5 24. Rc1 Re1+ 25. Rxe1 Qxe1+ 26. Kh2 axb5 27. axb5 cxb5 28. Qxb5 Qxf2 29. Qxb7 Qxf5 30. Qf3 Qe5 31. Bf1 Qb2+ 32. Qe2 Qd4 33. Qd3 Qf2+ 34. Bg2 g6 35. Qf3 Qb2 36. Kg1 Kg7 37. Qf2 Qe5 38. Bf3 Nd7 39. Kg2 Nc5 40. Qd2 Ne6 41. Qe2 Qc5 42. h4 Nd4 43. Qe3 Qc2+ 44. Kg1 Qb1+ 45. Kh2 Qb2+ 46. Bg2 Nf5 47. Qf4 Qe2 48. Kh3 Qb2 49. Be4 Ne7 50. Bf3 Ng8 51. Bd5 Nf6 52. Bf3 Nd7 53. Qe3 Ne5 54. g4 Nc4 55. Qd3 Ne5 56. Qe3 Qb5 57. Kg3 Qb8 58. Kg2 Qd6 59. Kh3 Qf6 60. Be2 g5 61. h5 Qd6 62. Kg2 Kf6 63. Qe4 Qc6 64. Qxc6+ Nxc6 65. Bc4 Nd8 66. Kf3 Ke5 67. Ke3 f6 68. Bd3 Nc6 69. Bf5 Ne7 70. Bd7 f5 71. gxf5 Nd5+ 72. Kf3 Nf6 0-1

[Event "NED-chT"]
[Site "Netherlands"]
[Date "1997.??.??"]
[Round "?"]
[White "Brenninkmeijer, Joris"]
[Black "Van de Oudeweetering, Arthur"]
[Result "1-0"]
[WhiteElo "2505"]
[BlackElo "2350"]
[PlyCount "55"]
[EventDate "1997.??.??"]
[EventType "team"]
[EventRounds "9"]
[EventCountry "NED"]
[SourceTitle "EXT 2007"]
[Source "ChessBase"]
[SourceDate "2006.11.23"]
[SourceVersion "1"]
[SourceVersionDate "2006.11.23"]
[SourceQuality "1"]

1. d4 d5 2. c4 c6 3. Nf3 Nf6 4. e3 e6 5. Bd3 Nbd7 6. Nbd2 Bd6 7. e4 e5 8. 0-0 0-0 9. cxd5 cxd5 10. exd5 exd4 11. Ne4 Nxe4 12. Bxe4 Nc5 13. Bc2 Bg4 14. Qxd4 Bxf3 15. gxf3 Re8 16. Rd1 Re2 17. Bd2 Be5 18. Qg4 Qxd5 19. Be3 Qc6 20. Rac1 Rxe3 21. fxe3 Qh6 22. f4 Bxb2 23. Bxh7+ Qxh7 24. Rxc5 Qe4 25. Rc8+ Rxc8 26. Qxc8+ Kh7 27. Qh3+ Kg6 28. Qg4+ 1-0

[Event "Koop Tjuchem op"]
[Site "Groningen"]
[Date "1996.??.??"]
[Round "10"]
[White "Brenninkmeijer, Joris"]
[Black "Jonkman, Harmen"]
[Result "1-0"]
[WhiteElo "2505"]
[BlackElo "2325"]
[PlyCount "99"]
[EventDate "1996.12.20"]
[EventType "swiss"]
[EventRounds "11"]
[EventCountry "NED"]
[SourceTitle "EXT 1998"]
[Source "ChessBase"]
[SourceDate "1997.11.17"]
[SourceVersion "1"]
[SourceVersionDate "1997.11.17"]
[SourceQuality "1"]

1. d4 d5 2. c4 dxc4 3. Nf3 Nf6 4. e3 e6 5. Bxc4 c5 6. Qe2 a6 7. dxc5 Bxc5 8. 0-0 Nc6 9. e4 b5 10. Bb3 e5 11. h3 0-0 12. Nc3 Nd4 13. Nxd4 Bxd4 14. Nd5 Nxd5 15. Bxd5 Ra7 16. Be3 Be6 17. Bxe6 fxe6 18. a4 bxa4 19. Rxa4 Qb6 20. Bxd4 exd4 21. Qc4 Rd8 22. Rd1 a5 23. Rxd4 Rxd4 24. Qxd4 Qxd4 25. Rxd4 Rb7 26. Ra4 Rxb2 27. Rxa5 Re2 28. Re5 Kf7 29. f4 Kf6 30. Kh2 Re3 31. h4 g6 32. Kg1 Re2 33. h5 Ra2 34. Kh2 Ra3 35. g3 Re3 36. Kg2 g5 37. Rxg5 Rxe4 38. Rb5 e5 39. Kf3 Re1 40. Rb6+ Kf7 41. Rb7+ Kf6 42. Rxh7 exf4 43. Kxf4 Rf1+ 44. Kg4 Ra1 45. Rh6+ Kf7 46. Rb6 Ra5 47. Kh4 Kg7 48. g4 Ra7 49. h6+ Kh7 50. Kh5 1-0

[Event "NED-chT 9697"]
[Site "Netherlands"]
[Date "1996.??.??"]
[Round "?"]
[White "Van der Stricht, Geert"]
[Black "Brenninkmeijer, Joris"]
[Result "1/2-1/2"]
[WhiteElo "2205"]
[BlackElo "2490"]
[PlyCount "75"]
[EventDate "1996.??.??"]
[EventType "team"]
[EventRounds "11"]
[EventCountry "NED"]
[SourceTitle "EXT 2000"]
[Source "ChessBase"]
[SourceDate "1999.11.16"]
[SourceVersion "1"]
[SourceVersionDate "1999.11.16"]
[SourceQuality "1"]

1. d4 Nf6 2. c4 e6 3. Nf3 d5 4. Nc3 c6 5. Bg5 h6 6. Bxf6 Qxf6 7. e3 Nd7 8. a3 Bd6 9. e4 dxe4 10. Nxe4 Qe7 11. Bd3 Bc7 12. 0-0 0-0 13. Re1 Rd8 14. c5 a5 15. Qc2 Nf6 16. Rad1 Nd5 17. Ne5 Nf4 18. Bf1 f5 19. Nc3 Bxe5 20. Rxe5 Qf6 21. Na4 Rb8 22. Nb6 Bd7 23. Nc4 Be8 24. Nd6 b5 25. Rde1 Bd7 26. Qd2 Qg5 27. Kh1 Ng6 28. R5e3 f4 29. Re4 f3 30. Qxg5 hxg5 31. Rg4 fxg2+ 32. Bxg2 Rf8 33. Rxg5 Nf4 34. Re3 Rf6 35. Ne4 Rf7 36. Nd6 Rf6 37. Ne4 Rf7 38. Nd6 1/2-1/2

[Event "NED-ch50"]
[Site "Amsterdam"]
[Date "1995.06.22"]
[Round "11"]
[White "Brenninkmeijer, Joris"]
[Black "Nijboer, Friso"]
[Result "0-1"]
[WhiteElo "2490"]
[BlackElo "2510"]
[PlyCount "56"]
[EventDate "1995.06.09"]
[EventType "tourn"]
[EventRounds "11"]
[EventCountry "NED"]
[EventCategory "11"]
[SourceTitle "CBM 048"]
[Source "ChessBase"]
[SourceDate "1995.10.01"]
[SourceVersion "1"]
[SourceVersionDate "1995.10.01"]
[SourceQuality "1"]

1. d4 Nf6 2. c4 g6 3. Nc3 Bg7 4. e4 d6 5. f3 0-0 6. Be3 Nc6 7. Nge2 a6 8. Qd2 Rb8 9. h4 h5 10. Nc1 e5 11. d5 Nd4 12. N1e2 c5 13. dxc6 Nxc6 14. Rd1 Be6 15. b3 b5 16. Qxd6 Qxd6 17. Rxd6 Nb4 18. c5 Rfd8 19. Kd2 Bf8 20. Rxd8 Rxd8+ 21. Kc1 Nd7 22. c6 Nxc6 23. Kb2 Nc5 24. Nc1 f5 25. a3 f4 26. Bxc5 Rd2+ 27. Kb1 Bxc5 28. b4 Bd4 0-1

[Event "NED-ch50"]
[Site "Amsterdam"]
[Date "1995.06.19"]
[Round "9"]
[White "Brenninkmeijer, Joris"]
[Black "Sosonko, Gennadi"]
[Result "1/2-1/2"]
[WhiteElo "2490"]
[BlackElo "2535"]
[PlyCount "87"]
[EventDate "1995.06.09"]
[EventType "tourn"]
[EventRounds "11"]
[EventCountry "NED"]
[EventCategory "11"]
[SourceTitle "CBM 048"]
[Source "ChessBase"]
[SourceDate "1995.10.01"]
[SourceVersion "1"]
[SourceVersionDate "1995.10.01"]
[SourceQuality "1"]

1. d4 Nf6 2. c4 e6 3. Nf3 d5 4. Nc3 Bb4 5. Bg5 Nbd7 6. cxd5 exd5 7. Qc2 c5 8. dxc5 h6 9. Bd2 Nxc5 10. a3 Bxc3 11. Bxc3 Nce4 12. Bd4 0-0 13. g3 Bd7 14. b4 Rc8 15. Qb2 Ba4 16. Rc1 Qd7 17. Bg2 Rxc1+ 18. Qxc1 Rc8 19. Qa1 Bb5 20. Bxf6 Nxf6 21. Nd4 Ne4 22. 0-0 Bc4 23. h4 b5 24. Bf3 Re8 25. Rd1 g6 26. Kg2 h5 27. e3 Qe7 28. Re1 Qc7 29. a4 a6 30. axb5 axb5 31. Qa3 Qe7 32. Ra1 Nd2 33. Qb2 Nxf3 34. Nxf3 Qe4 35. Qd4 Be2 36. Qxe4 dxe4 37. Nd4 Bd3 38. Nb3 Bc4 39. Nc5 Rd8 40. Nxe4 Bd5 41. f3 Bxe4 42. fxe4 Rd2+ 43. Kf3 Rb2 44. Ra8+ 1/2-1/2

[Event "NED-ch50"]
[Site "Amsterdam"]
[Date "1995.06.14"]
[Round "5"]
[White "Brenninkmeijer, Joris"]
[Black "Piket, Jeroen"]
[Result "1/2-1/2"]
[WhiteElo "2490"]
[BlackElo "2670"]
[PlyCount "32"]
[EventDate "1995.06.09"]
[EventType "tourn"]
[EventRounds "11"]
[EventCountry "NED"]
[EventCategory "11"]
[SourceTitle "CBM 048"]
[Source "ChessBase"]
[SourceDate "1995.10.01"]
[SourceVersion "1"]
[SourceVersionDate "1995.10.01"]
[SourceQuality "1"]

1. d4 g6 2. c4 Bg7 3. e4 d6 4. Nc3 Nf6 5. Bd3 0-0 6. Nge2 Nc6 7. 0-0 Nd7 8. Be3 e5 9. d5 Nd4 10. Bc2 Nxc2 11. Qxc2 f5 12. exf5 gxf5 13. f4 Nf6 14. h3 Nh5 15. c5 b6 16. c6 a5 1/2-1/2

[Event "NED-ch50"]
[Site "Amsterdam"]
[Date "1995.06.10"]
[Round "2"]
[White "Brenninkmeijer, Joris"]
[Black "Van der Sterren, Paul"]
[Result "1/2-1/2"]
[WhiteElo "2490"]
[BlackElo "2560"]
[PlyCount "55"]
[EventDate "1995.06.09"]
[EventType "tourn"]
[EventRounds "11"]
[EventCountry "NED"]
[EventCategory "11"]
[SourceTitle "CBM 048"]
[Source "ChessBase"]
[SourceDate "1995.10.01"]
[SourceVersion "1"]
[SourceVersionDate "1995.10.01"]
[SourceQuality "1"]

1. d4 Nf6 2. c4 e6 3. Nc3 Bb4 4. e3 0-0 5. a3 Bxc3+ 6. bxc3 d6 7. Ne2 c5 8. Ng3 Nc6 9. Bd3 b6 10. 0-0 Ba6 11. Bb2 Na5 12. Qe2 Rc8 13. Rac1 Qd7 14. e4 Qa4 15. f4 Bxc4 16. e5 dxe5 17. fxe5 Nd5 18. Ne4 cxd4 19. Nf6+ Nxf6 20. exf6 Bxd3 21. Qxd3 dxc3 22. fxg7 Rfd8 23. Rxc3 Nc4 24. Qxh7+ Kxh7 25. Rh3+ Kg6 26. Rg3+ Kh5 27. Rh3+ Kg6 28. Rg3+ 1/2-1/2